| 000 | 00604nam a22002177a 4500 | ||
|---|---|---|---|
| 005 | 20230103095751.0 | ||
| 008 | 230103b ||||| |||| 00| 0 eng d | ||
| 020 | _a8170140633 | ||
| 040 | _cAL | ||
| 041 | _aEnglish | ||
| 082 |
_223 _a657.42 _bSAXA |
||
| 100 |
_aV K Saxena and others _968156 |
||
| 245 | _aAdvanced Cost and Management Accounting Textbook | ||
| 260 |
_aNew Delhi _bSultan Chand And Sons _c2000 |
||
| 300 |
_bPB _c23x15 cm. |
||
| 365 |
_c₹ _d₹190.00 |
||
| 650 |
_acost accounting _968157 |
||
| 700 |
_aSAXENA (V K) _968158 |
||
| 700 |
_aVASHIST (C D) _968159 |
||
| 942 |
_2ddc _cDB |
||
| 999 |
_c226170 _d226170 |
||